000 00523nam a2200181Ia 4500
001 21585
003 IN-NITTTR
005 20251114233245.0
008 251113s9999||||xx |||||||||||||| ||eng||
040 _beng
040 _cIN-NITTTR
041 _aeng
082 _a338.04 C245W
100 _aCarter, Sara
245 0 _aWomen as entrepreneurs :
_b a study of female business owners, their motivations, experiences and strategies for success. /
_cCarter, Sara, Cannon, Tom
700 _a Cannon, Tom
942 _2ddc
_cBK
999 _c24215
_d24215